[Event "SRB-chT Premier"]
[White "Popovic, Milan S"]
[Black "Arsovic, Goran"]
[Site "Bajina Basta"]
[Round "5.6"]
[Result "1/2-1/2"]
[Date "2024.10.01"]
[WhiteElo "2367"]
[BlackElo "2356"]
[PlyCount "35"]
[EventDate "2024.09.27"]
[EventType "team-tourn"]
[EventRounds "11"]
[EventCountry "SRB"]
[SourceTitle "EXT 2025"]
[Source "ChessBase"]
[SourceDate "2024.10.14"]
[SourceVersion "1"]
[SourceVersionDate "2024.10.14"]
[SourceQuality "1"]
[WhiteTeam "Subotica Spartak"]
[BlackTeam "Belgrade PTT"]
[WhiteTeamCountry "SRB"]
[BlackTeamCountry "SRB"]

1. e4 c5 2. Nf3 d6 3. Nc3 Nf6 4. d4 cxd4 5. Qxd4 Nc6 6. Bb5 Bd7 7. Qd3 g6 8. Bg5 Bg7 9. 0-0-0 h6 10. Bxf6 Bxf6 11. e5 Nxe5 12. Nxe5 Bxe5 13. Rhe1 Bxc3 14. Qxc3 0-0 15. Bxd7 Qxd7 16. Qe3 Rac8 17. Qxh6 Rc5 18. Qe3 1/2-1/2

[Event "SRB-chT Premier"]
[White "Zivanovic, Bojan"]
[Black "Popovic, Milan S"]
[Site "Bajina Basta"]
[Round "4.6"]
[Result "1/2-1/2"]
[Date "2024.09.30"]
[WhiteElo "2161"]
[BlackElo "2367"]
[PlyCount "31"]
[EventDate "2024.09.27"]
[EventType "team-tourn"]
[EventRounds "11"]
[EventCountry "SRB"]
[SourceTitle "EXT 2025"]
[Source "ChessBase"]
[SourceDate "2024.10.14"]
[SourceVersion "1"]
[SourceVersionDate "2024.10.14"]
[SourceQuality "1"]
[WhiteTeam "Valjevo Krusik"]
[BlackTeam "Subotica Spartak"]
[WhiteTeamCountry "SRB"]
[BlackTeamCountry "SRB"]

1. Nf3 Nf6 2. g3 g6 3. Bg2 Bg7 4. 0-0 0-0 5. d4 d6 6. c4 Nc6 7. Nc3 e5 8. dxe5 dxe5 9. Bg5 Be6 10. Nd5 Bxd5 11. cxd5 Qxd5 12. Qxd5 Nxd5 13. Nxe5 Nxe5 14. Bxd5 c6 15. Bb3 h6 16. Be3 1/2-1/2

[Event "EU-ch 23rd"]
[White "Petrovic, Aleksa"]
[Black "Popovic, Milan S"]
[Site "Vrnjacka Banja"]
[Round "7"]
[Result "1/2-1/2"]
[Date "2023.03.09"]
[WhiteElo "2254"]
[BlackElo "2393"]
[PlyCount "85"]
[EventDate "2023.03.03"]
[EventType "swiss"]
[EventRounds "11"]
[EventCountry "SRB"]
[SourceTitle "CBM 213"]
[Source "ChessBase"]
[SourceDate "2023.04.30"]
[SourceVersion "1"]
[SourceVersionDate "2023.04.30"]
[SourceQuality "1"]

1. d4 Nf6 2. Nf3 g6 3. g3 Bg7 4. Bg2 c5 5. d5 d6 6. 0-0 0-0 7. Nc3 e6 8. e4 exd5 9. exd5 Bg4 10. h3 Bxf3 11. Bxf3 a6 12. a4 Nbd7 13. a5 Qc7 14. Bg5 h6 15. Be3 Rfe8 16. Qd2 h5 17. Ra4 b5 18. axb6 Nxb6 19. Rh4 Nfd7 20. Ra1 Bf6 21. Bg5 Re5 22. Bxf6 Nxf6 23. Ne4 Nxe4 24. Rxe4 Rxe4 25. Bxe4 Qe7 26. Qd3 Qf6 27. Qb3 Qd8 28. h4 Qc7 29. Qd3 c4 30. Qd4 Nd7 31. Ra5 Nb6 32. Ra3 Nd7 33. Rc3 Rc8 34. b3 Qc5 35. Rxc4 Qxd4 36. Rxd4 f5 37. Bd3 Nc5 38. Kg2 Nxd3 39. cxd3 Rc5 40. Kf3 Kf7 41. Ke3 a5 42. Kd2 Kf6 43. f4 1/2-1/2

[Event "Pula op 34th"]
[White "Popovic, Milan S"]
[Black "Voscilla, Adriano"]
[Site "Pula"]
[Round "2"]
[Result "1-0"]
[Date "2022.06.19"]
[WhiteElo "2383"]
[BlackElo "2140"]
[PlyCount "87"]
[EventDate "2022.06.18"]
[EventType "swiss"]
[EventRounds "9"]
[EventCountry "CRO"]
[SourceTitle "CBM 209 Extra"]
[Source "ChessBase"]
[SourceDate "2022.09.30"]
[SourceVersion "1"]
[SourceVersionDate "2022.09.30"]
[SourceQuality "1"]

1. e4 d5 2. exd5 Nf6 3. Bb5+ Bd7 4. Be2 Nxd5 5. d4 Bf5 6. a3 e6 7. c4 Nb6 8. Nc3 Nc6 9. Be3 Be7 10. h3 Bf6 11. Nf3 h6 12. b4 Qd7 13. Ra2 Rd8 14. Rd2 Qe7 15. Qb3 0-0 16. d5 Bxc3 17. Qxc3 exd5 18. Bc5 Qe4 19. Bxf8 Kxf8 20. cxd5 Rxd5 21. 0-0 Rxd2 22. Qxd2 Nd5 23. Re1 Nce7 24. Ba6 Qf4 25. Qxf4 Nxf4 26. Bxb7 g5 27. Nd4 Bd7 28. Re5 c6 29. Ra5 Nd3 30. Rxa7 f5 31. Ba6 Ne5 32. Be2 f4 33. Nf3 N7g6 34. Nxe5 Nxe5 35. Ra5 Nf7 36. Bg4 Be8 37. Bh5 Bd7 38. Bxf7 Kxf7 39. Re5 Kf6 40. Re1 h5 41. f3 g4 42. hxg4 hxg4 43. fxg4 Bxg4 44. Kf2 1-0

[Event "SRB-ch Blitz"]
[White "Popovic, Milan S"]
[Black "Vuksanovic, Zvezdan"]
[Site "Paracin"]
[Round "5"]
[Result "1-0"]
[Date "2022.06.05"]
[WhiteElo "2383"]
[BlackElo "2187"]
[PlyCount "53"]
[EventDate "2022.06.05"]
[EventType "swiss (blitz)"]
[EventRounds "13"]
[EventCountry "SRB"]
[SourceTitle "CBM 208 Extra"]
[Source "ChessBase"]
[SourceDate "2022.07.31"]
[SourceVersion "1"]
[SourceVersionDate "2022.07.31"]
[SourceQuality "1"]

1. e4 e6 2. d3 d5 3. Qe2 Be7 4. Nf3 c5 5. g3 Nf6 6. Bg2 Nc6 7. 0-0 0-0 8. e5 Ne8 9. c4 Nc7 10. h4 Rb8 11. h5 h6 12. Nbd2 b5 13. b3 bxc4 14. dxc4 Nb4 15. Rd1 Bb7 16. Nf1 Qe8 17. N1h2 Rd8 18. Bf4 Nc6 19. Ng4 Kh8 20. Qe3 f5 21. exf6 Bxf6 22. Nxf6 Rxf6 23. Bxc7 Rd7 24. Be5 d4 25. Qe2 Rf5 26. g4 Rf8 27. Bg3 1-0

[Event "SRB-ch Rapid"]
[White "Popovic, Milan S"]
[Black "Martic, Ivan"]
[Site "Paracin"]
[Round "3"]
[Result "1/2-1/2"]
[Date "2022.06.04"]
[WhiteElo "2383"]
[BlackElo "2314"]
[PlyCount "45"]
[EventDate "2022.06.04"]
[EventType "swiss (rapid)"]
[EventRounds "9"]
[EventCountry "SRB"]
[SourceTitle "CBM 208 Extra"]
[Source "ChessBase"]
[SourceDate "2022.07.31"]
[SourceVersion "1"]
[SourceVersionDate "2022.07.31"]
[SourceQuality "1"]

1. e4 e5 2. Nc3 Nf6 3. Nf3 Nc6 4. Bb5 Bb4 5. 0-0 0-0 6. Bxc6 dxc6 7. d3 Bd6 8. Ne2 Nd7 9. Ng3 f6 10. Kh1 Re8 11. Ng1 Nf8 12. N1e2 Ng6 13. f4 exf4 14. Nxf4 Nxf4 15. Bxf4 c5 16. Qf3 Be5 17. Bxe5 Rxe5 18. b3 a5 19. a4 Qe8 20. h3 Bd7 21. Kh2 b6 22. Qf4 Qg6 23. Rf2 1/2-1/2

[Event "SRB-ch Rapid"]
[White "Popovic, Milan S"]
[Black "Milosevic, Milos"]
[Site "Paracin"]
[Round "7"]
[Result "0-1"]
[Date "2022.06.04"]
[WhiteElo "2383"]
[BlackElo "2288"]
[PlyCount "80"]
[EventDate "2022.06.04"]
[EventType "swiss (rapid)"]
[EventRounds "9"]
[EventCountry "SRB"]
[SourceTitle "CBM 208 Extra"]
[Source "ChessBase"]
[SourceDate "2022.07.31"]
[SourceVersion "1"]
[SourceVersionDate "2022.07.31"]
[SourceQuality "1"]

1. e4 e6 2. d4 d5 3. Nc3 Bb4 4. e5 c5 5. Bd2 Ne7 6. a3 Bxc3 7. Bxc3 b6 8. Bb5+ Kf8 9. Bd3 Ba6 10. Bxa6 Nxa6 11. Nf3 Nc6 12. Qe2 Nc7 13. h4 h6 14. h5 c4 15. Bd2 Ke7 16. g4 Kd7 17. c3 Na5 18. Bf4 Nb3 19. Rd1 Kc6 20. Qc2 a5 21. Ke2 Qe7 22. Rdg1 b5 23. g5 b4 24. gxh6 gxh6 25. a4 Rab8 26. Rg7 bxc3 27. bxc3 Na8 28. Qg6 Rb7 29. Qf6 Nb6 30. Rhg1 Nxa4 31. Qxe7 Rxe7 32. Rg8 Nxc3+ 33. Ke3 Re8 34. R8g7 Ref8 35. Nd2 a4 36. Nxb3 axb3 37. Kd2 Nb5 38. Be3 c3+ 39. Kd3 b2 40. Kc2 Na3+ 0-1

[Event "Titled Tuesday intern op 12th Oct"]
[White "Shuvalov, Evgenij"]
[Black "Popovic, Milan S"]
[Site "Chess.com INT"]
[Round "8"]
[Result "0-1"]
[Date "2021.10.12"]
[WhiteElo "2182"]
[BlackElo "2368"]
[PlyCount "98"]
[EventDate "2021.10.12"]
[EventType "swiss (blitz)"]
[EventRounds "11"]
[EventCountry "USA"]
[SourceTitle "EXT 2023"]
[Source "ChessBase"]
[SourceDate "2022.10.05"]
[SourceVersion "1"]
[SourceVersionDate "2022.10.05"]
[SourceQuality "1"]

1. Nf3 Nf6 2. c4 c6 3. g3 d6 4. d4 a6 5. Bg2 g6 6. 0-0 Bg7 7. Re1 0-0 8. e4 Bg4 9. Be3 Nxe4 10. Qb3 b5 11. Ng5 Nf6 12. Nd2 h6 13. Nge4 Nxe4 14. Bxe4 Ra7 15. cxb5 d5 16. b6 Rb7 17. Bd3 Qxb6 18. Qxb6 Rxb6 19. Nb3 Nd7 20. Rac1 Ra8 21. Bd2 e5 22. Ba5 Rbb8 23. Rxc6 exd4 24. f4 Bf5 25. Bxf5 gxf5 26. Rd1 Rb5 27. Rd6 Nf8 28. Rb6 Ne6 29. a4 Rxb6 30. Bxb6 Rb8 31. a5 Rb7 32. Rd2 Rb8 33. Kf1 Rc8 34. Ke2 Rc4 35. Kd3 Kf8 36. Rc2 Rb4 37. Nd2 Ke7 38. Nf3 Kd7 39. Nh4 Rb3+ 40. Kd2 d3 41. Rc1 Bxb2 42. Rb1 d4 43. Nxf5 Bc3+ 44. Kc1 d2+ 45. Kc2 Rxb1 46. Kxb1 d1Q+ 47. Ka2 Qc2+ 48. Ka3 Qb2+ 49. Ka4 Qb4# 0-1

[Event "SRB-chT Premier"]
[White "Lazic, Miroljub"]
[Black "Popovic, Milan S"]
[Site "Vrnjacka Banja"]
[Round "9.1"]
[Result "1/2-1/2"]
[Date "2021.09.14"]
[WhiteElo "2280"]
[BlackElo "2338"]
[PlyCount "83"]
[EventDate "2021.09.07"]
[EventType "team-tourn"]
[EventRounds "11"]
[EventCountry "SRB"]
[SourceTitle "CBM 204 Extra"]
[Source "ChessBase"]
[SourceDate "2021.11.30"]
[SourceVersion "1"]
[SourceVersionDate "2021.11.30"]
[SourceQuality "1"]
[WhiteTeam "Ruma Sloven"]
[BlackTeam "Novi Sad SK"]
[WhiteTeamCountry "SRB"]
[BlackTeamCountry "SRB"]

1. g3 Nf6 2. Bg2 d6 3. d4 Nbd7 4. e4 e5 5. Ne2 c6 6. a4 Be7 7. Nbc3 b6 8. h3 h5 9. Be3 a6 10. f4 Bb7 11. 0-0 Qc7 12. Qd2 0-0 13. Nd1 Rfe8 14. Nf2 exd4 15. Bxd4 Bf8 16. c4 c5 17. Bxf6 Nxf6 18. Nc3 g6 19. Qd3 Bg7 20. Nfd1 Rab8 21. Ne3 Bc6 22. Rae1 Qb7 23. Ncd5 b5 24. axb5 axb5 25. e5 dxe5 26. Nxf6+ Bxf6 27. Nd5 Bg7 28. f5 bxc4 29. Qxc4 e4 30. Rxe4 Rxe4 31. Qxe4 Bd4+ 32. Kh2 Bxd5 33. Qxd5 Qxd5 34. Bxd5 Rxb2+ 35. Kh1 Kg7 36. fxg6 fxg6 37. Rf7+ Kh6 38. Rc7 Be5 39. Rxc5 Bxg3 40. Rc6 Bf2 41. Be4 Rb6 42. Rxb6 1/2-1/2

[Event "SRB-ch sf"]
[White "Popovic, Milan S"]
[Black "Perunovic, Miodrag"]
[Site "Paracin"]
[Round "6"]
[Result "1-0"]
[Date "2021.03.20"]
[WhiteElo "2327"]
[BlackElo "2428"]
[PlyCount "55"]
[EventDate "2021.03.16"]
[EventType "swiss"]
[EventRounds "9"]
[EventCountry "SRB"]
[SourceTitle "CBM 201 Extra"]
[Source "ChessBase"]
[SourceDate "2021.05.31"]
[SourceVersion "1"]
[SourceVersionDate "2021.05.31"]
[SourceQuality "1"]

1. e4 c5 2. Nf3 g6 3. c3 Nf6 4. e5 Nd5 5. d4 cxd4 6. Qxd4 e6 7. Bc4 Nc6 8. Qe4 Nb6 9. Bb3 d5 10. exd6 Qxd6 11. Bf4 Qc5 12. 0-0 Bg7 13. Rd1 e5 14. Na3 0-0 15. Be3 Qe7 16. Bg5 Qc5 17. Be3 Qe7 18. Bg5 Qc5 19. Qh4 h5 20. Be3 Qa5 21. Rd6 Bf5 22. g4 Ne7 23. Qxe7 Nc8 24. Rd5 Qxd5 25. Qxf8+ Kxf8 26. Bxd5 hxg4 27. Ng5 Ne7 28. Bxf7 1-0